Proteins : (Record no. 9462)

MARC details
000 -LEADER
fixed length control field 01246cam a22003014a 4500
001 - ACCESSION NUMBER
control field 11530
005 - DATE AND TIME OF LATEST TRANSACTION
control field 20130829172911.0
008 - FIXED-LENGTH DATA ELEMENTS--GENERAL INFORMATION
fixed length control field 011026s2002 enka b 001 0 eng
010 ## - LIBRARY OF CONGRESS CONTROL NUMBER
LC control number 2001046998
020 ## - INTERNATIONAL STANDARD BOOK NUMBER
International Standard Book Number 0471899062 (hbk.)
020 ## - INTERNATIONAL STANDARD BOOK NUMBER
International Standard Book Number 0471899070 (pbk.)
040 ## - CATALOGING SOURCE
Original cataloging agency DLC
Transcribing agency DLC
Modifying agency DLC
042 ## - AUTHENTICATION CODE
Authentication code pcc
050 00 - LIBRARY OF CONGRESS CALL NUMBER
Classification number TP248.65.P76
Item number W353 2002
082 00 - DEWEY DECIMAL CLASSIFICATION NUMBER
Classification number 660.6/3
Edition number 21
100 1# - MAIN ENTRY--PERSONAL NAME
Personal name Walsh, Gary,
Titles and other words associated with a name Dr.
245 10 - TITLE STATEMENT
Title Proteins :
Remainder of title biochemistry and biotechnology /
Statement of responsibility, etc Gary Walsh.
260 ## - PUBLICATION, DISTRIBUTION, ETC. (IMPRINT)
Place of publication, distribution, etc Chichester ;
-- New York :
Name of publisher, distributor, etc J. Wiley,
Date of publication, distribution, etc c2002.
300 ## - PHYSICAL DESCRIPTION
Extent x, 547 p. :
Other physical details ill. ;
Dimensions 25 cm.
504 ## - BIBLIOGRAPHY, ETC. NOTE
Bibliography, etc Includes bibliographical references and index.
650 #0 - SUBJECT ADDED ENTRY--TOPICAL TERM
Topical term or geographic name as entry element Proteins
General subdivision Biotechnology.
650 #0 - SUBJECT ADDED ENTRY--TOPICAL TERM
Topical term or geographic name as entry element Proteins.
856 42 - ELECTRONIC LOCATION AND ACCESS
Materials specified Publisher description
Uniform Resource Identifier <a href="http://www.loc.gov/catdir/description/wiley034/2001046998.html">http://www.loc.gov/catdir/description/wiley034/2001046998.html</a>
856 41 - ELECTRONIC LOCATION AND ACCESS
Materials specified Table of contents
Uniform Resource Identifier <a href="http://www.loc.gov/catdir/toc/wiley021/2001046998.html">http://www.loc.gov/catdir/toc/wiley021/2001046998.html</a>
906 ## - LOCAL DATA ELEMENT F, LDF (RLIN)
a 7
b cbc
c orignew
d 1
e ocip
f 20
g y-gencatlg
925 0# -
-- acquire
-- 1 shelf copy
-- policy default
955 ## - COPY-LEVEL INFORMATION (RLIN)
-- jc02 2001-10-29 to technician
-- jc03 2001-10-29 to Dewey
-- pv05 2002-01-22 CIP ver to BCCD
Holdings
Date last seen Total Checkouts Total Renewals Full call number Barcode Date checked out Copy number Cost, replacement price Price effective from Koha item type Lost status Source of classification or shelving scheme Damaged status Not for loan Withdrawn status Home library Current library Date acquired Cost, normal purchase price
29/07/2022 2 1 660.6/3 11530 16/07/2022 1 5975.00 29/08/2013 General Books   Dewey Decimal Classification       CUTN Central Library CUTN Central Library 29/08/2013 1195.00